| 000 | 00442nam a2200181Ia 4500 | ||
|---|---|---|---|
| 001 | 25334 | ||
| 005 | 20260414151143.0 | ||
| 008 | 260414t2012||||xx |||||||||||||| ||spa|| | ||
| 041 | _aESP | ||
| 082 |
_a346.5 _bA96 |
||
| 100 |
_aAzar, Aldo Marcelo _eAUT |
||
| 245 | 0 |
_aObligaciones de medios y de resultado _b |
|
| 260 | _c2012 | ||
| 300 |
_axxxiv, 749 páginas : _c25 cm. |
||
| 650 | _aDER | ||
| 654 | _aCDE | ||
| 942 |
_cLIB _dJUS _fJUS _2ddc _n |
||
| 999 |
_c25334 _d25334 |
||